000 00513nam a22001812 4500
001 0000003424
005 20170406115017.0
008 140617s xx 000 0 eng d
020 _c$
040 _aYour Holding Symbol
_cYour Holding Symbol
100 1 _aKitto,F.D.H.
245 1 0 _aSophocles three tragedies :
_bAntigone .oedipus the king.electra.
250 _a ed.
260 _aNew york :
_bGalaxy book,
_c1962.
300 _a159 p. ;
_c cm.
650 0 _asophocles.
908 _a140617
999 _c3300
_d3300